Missing Word: 1940s Figures A-Z Quiz Stats

Quiz Updated May 26, 2015

Challenge
Share
Tweet
Embed
Score 0/24 Timer 03:00
0 Plays Today
Hint Answer % Correct
Anne ____ - diaristFrank
96.4%
Louis ____ - jazz musicianArmstrong
96.2%
Humphrey ____ - actorBogart
96.1%
____ Churchill - British Prime MinisterWinston
95.5%
Bing ____ - entertainerCrosby
95.2%
____ Stalin - Soviet leaderJoseph
94.1%
Harry ____ - President of USTruman
93.5%
Alfred ____ - filmmakerHitchcock
91.1%
____ Hepburn - actressKatharine
90.2%
____ Bacall - actressLauren
87.2%
Eva ____ - First Lady of ArgentinaPerón
82.7%
Benito ____ - Prime Minister of ItalyMussolini
82.2%
Hint Answer % Correct
____ Wilhelmina of the NetherlandsQueen
75.8%
____ Berlin - composerIrving
75.1%
Dizzy ____ - jazz musicianGillespie
74.2%
Sugar Ray ____ - boxerRobinson
70.7%
____ Bradley - generalOmar
62.5%
Mao ____ - Communist Party Leader of ChinaZedong
58.1%
Jean-Paul ____ - philosopherSartre
56.1%
____ Ben-Gurion - President of IsraelDavid
55.3%
Jawaharlal ____ - Prime Minister of IndiaNehru
53.6%
____ Rommel - generalErwin
48.1%
Isoroku ____ - AdmiralYamamoto
22.2%
Getúlio ____ - President of BrazilVargas
7.3%

Today's Daily Dose

Missing Word
NPR Programs

Quick Pick
1991 Events

On This Day
June 18th II

You're not logged in!

Compare scores with friends on all Sporcle quizzes.
Join for Free
OR
Log In

You Might Also Like...

Show Comments

Extras

Top Quizzes Today


Score Distribution

Your Account Isn't Verified!

In order to create a playlist on Sporcle, you need to verify the email address you used during registration. Go to your Sporcle Settings to finish the process.

Report this User

Report this user for behavior that violates our Community Guidelines.

Details: